| 000 | 00000nam##2200000za#4500 |
| 001 | 9.695160 |
| 003 | CaOODSP |
| 005 | 20231208112834 |
| 007 | cr ||||||||||| |
| 008 | 150407|2009||||xxc|||||o f|0| 0 eng|d |
| 040 | |aCaOODSP|beng |
| 043 | |an-cn--- |
| 086 | 1 |aPS84-23/2009-2E-PDF |
| 110 | 1 |aCorrectional Service Canada. |bResearch Branch. |
| 245 | 14|aThe changing federal offender population. Highlights 2009 |h[electronic resource] |
| 260 | |bCorrectional Service Canada. |c2009. |
| 300 | |a1p.|bgraph |
| 590 | |a11-28-Supp|b2011-11-17 |
| 775 | 08|tÉvolution de la population carcérale sous responsabilité fédérale. Faits saillants 2009 |w(CaOODSP)9.639319 |
| 856 | 40|ahttp://publications.gc.ca|qPDF|s29 KB|uhttps://publications.gc.ca/collections/collection_2011/scc-csc/PS84-23-2009-2-eng.pdf |